The Universal Basic Income and Its Alternatives
Zaoberanie sa hlavnými alternatívnymi riešeniami ako sú daňový úverový systém, ktorý je alternatívou k britskému daňovému a sociálnemu systému, záporná daň z príjmu a sociálne štipendium.
Gespeichert in:
| 1. Verfasser: | |
|---|---|
| Weitere Verfasser: | |
| Format: | Buchkapitel |
| Sprache: | Englisch |
| Schlagworte: | |
| Tags: |
Keine Tags, Fügen Sie das erste Tag hinzu!
|
MARC
| LEADER | 00000naa$a2200000$$$4500 | ||
|---|---|---|---|
| 001 | 0267902 | ||
| 005 | 20240502074213.5 | ||
| 041 | 0 | |a eng | |
| 044 | |a SK | ||
| 245 | 1 | 0 | |a The Universal Basic Income and Its Alternatives |c Mária Michňová, Juraj Till |
| 520 | |a Zaoberanie sa hlavnými alternatívnymi riešeniami ako sú daňový úverový systém, ktorý je alternatívou k britskému daňovému a sociálnemu systému, záporná daň z príjmu a sociálne štipendium. | ||
| 610 | 2 | 0 | |a príjmy |
| 610 | 2 | 0 | |a prevod bankový |
| 610 | 2 | 0 | |a úver daňový |
| 610 | 2 | 0 | |a ponuka práce |
| 100 | 1 | |a Michňová, Mária, 1996- | |
| 700 | 1 | |a Till, Juraj, 1991- | |